000 00542nam a2200193Ia 4500
005 20250508162643.0
008 008 250505s9999 xx 000 0 eng d
037 _aReference
040 _aFEDL
_beng
_cFEDL
041 _aeng
_2eng
084 _a370.58, WOR
_qFEDL
100 _aTwining John Ed.
_9773709
245 0 _aWorld yearbook of education 1987 vocational education
260 _aLondon, UK
_bKogan Page
_c1987
300 _a318p.
365 _aGBP
_b19.5
942 _cREF
_h370.58, WOR
999 _c1377869
_d1377869